Zwycięzcy FIFA Puskas Award - Statystyki

Ogólne statystyki
  • Ten quiz został rozwiązany 247 razy
  • Średni wynik to 4 z 12
Statystyki odpowiedzi
Rok Piłkarz % Poprawnych
2009 Cristiano Ronaldo
94%
2018 Mohamed Salah
52%
2011 Neymar
48%
2017 Oliver Giroud
45%
2013 Zlatan Ibrahimović
44%
2020 Son Heung-min
34%
2014 James Rodriguez
18%
2012 Miroslav Stoch
14%
2016 Mohd Faiz Subri
7%
2015 Wendell Lira
6%
2010 Hamit Altintop
5%
2019 Daniel Zsóri
4%
Nie znaleziono quizów pasujących do podanych kryteriów
Rozkład punktacji
Procent ludzi z każdym wynikiem
Percentyl według liczby udzielonych odpowiedzi
Twoja historia wyników
Nie rozwiązałeś tego quizu